[Event "7th Arber Senior Cup"]
[Site "chess24.com"]
[Date "2019.08.01"]
[Round "6"]
[White "Redeker, Frank, Dr."]
[Black "Barnowski, Roman"]
[Result "1/2-1/2"]
[Board "33"]
[WhiteElo "1677"]
[WhiteTeam "SF Brand"]
[WhiteCountry "GER"]
[WhiteFideId "12986011"]
[WhiteEloChange "-6"]
[BlackElo "1459"]
[BlackTeam "SW Nuernberg Sued"]
[BlackCountry "GER"]
[BlackFideId "16255240"]
[BlackEloChange "6"]

1. d4 {[%clk 2:10:30]} Nf6 {[%clk 2:10:30]} 2. Bf4 {[%clk 2:10:30]} e6 {[%clk
2:10:30]} 3. e3 {[%clk 2:10:30]} d5 {[%clk 2:10:30]} 4. Nd2 {[%clk 2:10:30]} c5
{[%clk 2:10:30]} 5. c3 {[%clk 2:10:30]} a6 {[%clk 2:10:30]} 6. Ngf3 {[%clk
2:10:30]} Nh5 {[%clk 2:10:30]} 7. Bg3 {[%clk 2:10:30]} Bd6 {[%clk 2:10:30]} 8.
Ne5 {[%clk 2:10:30]} Nxg3 {[%clk 2:10:30]} 9. hxg3 {[%clk 2:10:30]} Bxe5 {[%clk
2:10:30]} 10. dxe5 {[%clk 2:10:30]} Nc6 {[%clk 2:10:30]} 11. Qg4 {[%clk 2:10:30]}
g6 {[%clk 2:10:30]} 12. f4 {[%clk 2:10:30]} Qe7 {[%clk 2:10:30]} 13. Qh4 {[%clk
2:10:30]} Bd7 {[%clk 2:10:30]} 14. Nf3 {[%clk 2:10:30]} Qxh4 {[%clk 2:10:30]} 15.
gxh4 {[%clk 2:10:30]} Ke7 {[%clk 2:10:30]} 16. Bd3 {[%clk 2:10:30]} Raf8 {[%clk
2:10:30]} 17. O-O-O {[%clk 2:10:30]} b5 {[%clk 2:10:30]} 18. b3 {[%clk 2:10:30]}
c4 {[%clk 2:10:30]} 19. Be2 {[%clk 2:10:30]} cxb3 {[%clk 2:10:30]} 20. axb3
{[%clk 2:10:30]} Ra8 {[%clk 2:10:30]} 21. Kb2 {[%clk 2:10:30]} h5 {[%clk
2:10:30]} 22. Ra1 {[%clk 2:10:30]} Rhc8 {[%clk 2:10:30]} 23. Ra2 {[%clk 2:10:30]}
Nb8 {[%clk 2:10:30]} 24. Nd4 {[%clk 2:10:30]} Nc6 {[%clk 2:10:30]} 25. Rha1
{[%clk 2:10:30]} Nxd4 {[%clk 2:10:30]} 26. exd4 {[%clk 2:10:30]} Rc7 {[%clk
2:10:30]} 27. Rxa6 {[%clk 2:10:30]} Rac8 {[%clk 2:10:30]} 28. Ra8 {[%clk
2:10:30]} Rxc3 {[%clk 2:10:30]} 29. Rxc8 {[%clk 2:10:30]} Rxc8 {[%clk 2:10:30]}
30. b4 {[%clk 2:10:30]} Kd8 {[%clk 2:10:30]} 31. Ra5 {[%clk 2:10:30]} Rb8 {[%clk
2:10:30]} 32. Kb3 {[%clk 2:10:30]} Kc7 {[%clk 2:10:30]} 33. Ra1 {[%clk 2:10:30]}
Kb6 {[%clk 2:10:30]} 34. g4 {[%clk 2:10:30]} Rg8 {[%clk 2:10:30]} 35. Rc1 {[%clk
2:10:30]} hxg4 {[%clk 2:10:30]} 36. Bxg4 {[%clk 2:10:30]} Rh8 {[%clk 2:10:30]}
37. Rh1 {[%clk 2:10:30]} Be8 {[%clk 2:10:30]} 38. h5 {[%clk 2:10:30]} gxh5 {[%clk
2:10:30]} 39. Rxh5 {[%clk 2:10:30]} Rxh5 {[%clk 2:10:30]} 40. Bxh5 {[%clk
2:10:30]} Kc7 {[%clk 2:10:30]} 41. Kc3 {[%clk 2:10:30]} Kd8 {[%clk 2:10:30]} 42.
Kd3 {[%clk 2:10:30]} Ke7 {[%clk 2:10:30]} 43. Ke3 {[%clk 2:10:30]} f6 {[%clk
2:10:30]} 44. exf6+ {[%clk 2:10:30]} Kf8 {[%clk 2:10:30]} 45. Bxe8 {[%clk
2:10:30]} Kxe8 {[%clk 2:10:30]} 46. f5 {[%clk 2:10:30]} Kf7 {[%clk 2:10:30]} 47.
fxe6+ {[%clk 2:10:30]} Kxe6 {[%clk 2:10:30]} 48. f7 {[%clk 2:10:30]} Kxf7 {[%clk
2:10:30]} 49. Kf4 {[%clk 2:10:30]} Kf6 {[%clk 2:10:30]} 1/2-1/2

[Event "7th Arber Senior Cup"]
[Site "chess24.com"]
[Date "2019.08.01"]
[Round "6"]
[White "Gross-Winter, Guenter"]
[Black "Kurze, Volker"]
[Result "0-1"]
[Board "35"]
[WhiteElo "1664"]
[WhiteTeam "SC Ansbach"]
[WhiteCountry "GER"]
[WhiteFideId "16222750"]
[WhiteEloChange "-10"]
[BlackElo "1658"]
[BlackTeam "SC RT Altstadt Muenchen"]
[BlackCountry "GER"]
[BlackFideId "24694584"]
[BlackEloChange "10"]

1. e4 {[%clk 2:10:30]} c5 {[%clk 2:10:30]} 2. Nf3 {[%clk 2:10:30]} g6 {[%clk
2:10:30]} 3. d4 {[%clk 2:10:30]} cxd4 {[%clk 2:10:30]} 4. Nxd4 {[%clk 2:10:30]}
Nc6 {[%clk 2:10:30]} 5. Be3 {[%clk 2:10:30]} Nf6 {[%clk 2:10:30]} 6. f3 {[%clk
2:10:30]} Bg7 {[%clk 2:10:30]} 7. Bc4 {[%clk 2:10:30]} O-O {[%clk 2:10:30]} 8.
O-O {[%clk 2:10:30]} d5 {[%clk 2:10:30]} 9. Nxc6 {[%clk 2:10:30]} bxc6 {[%clk
2:10:30]} 10. exd5 {[%clk 2:10:30]} Nxd5 {[%clk 2:10:30]} 11. Bxd5 {[%clk
2:10:30]} cxd5 {[%clk 2:10:30]} 12. c3 {[%clk 2:10:30]} e5 {[%clk 2:10:30]} 13.
Rf2 {[%clk 2:10:30]} Be6 {[%clk 2:10:30]} 14. Rd2 {[%clk 2:10:30]} Qc7 {[%clk
2:10:30]} 15. Na3 {[%clk 2:10:30]} a6 {[%clk 2:10:30]} 16. Qa4 {[%clk 2:10:30]}
Qb7 {[%clk 2:10:30]} 17. Qb3 {[%clk 2:10:30]} Qxb3 {[%clk 2:10:30]} 18. axb3
{[%clk 2:10:30]} d4 {[%clk 2:10:30]} 19. cxd4 {[%clk 2:10:30]} exd4 {[%clk
2:10:30]} 20. Bxd4 {[%clk 2:10:30]} Rfd8 {[%clk 2:10:30]} 21. Bc3 {[%clk
2:10:30]} Rxd2 {[%clk 2:10:30]} 22. Bxd2 {[%clk 2:10:30]} Bxb2 {[%clk 2:10:30]}
23. Ra2 {[%clk 2:10:30]} Bd4+ {[%clk 2:10:30]} 24. Kf1 {[%clk 2:10:30]} Bxb3
{[%clk 2:10:30]} 25. Nc2 {[%clk 2:10:30]} Bxa2 {[%clk 2:10:30]} 26. Nxd4 {[%clk
2:10:30]} Bc4+ {[%clk 2:10:30]} 27. Ke1 {[%clk 2:10:30]} Rb8 {[%clk 2:10:30]} 28.
Bc3 {[%clk 2:10:30]} Rb1+ {[%clk 2:10:30]} 29. Kf2 {[%clk 2:10:30]} f5 {[%clk
2:10:30]} 30. g3 {[%clk 2:10:30]} Kf7 {[%clk 2:10:30]} 31. h4 {[%clk 2:10:30]} h5
{[%clk 2:10:30]} 32. Ke3 {[%clk 2:10:30]} Rb8 {[%clk 2:10:30]} 33. Kf4 {[%clk
2:10:30]} Rc8 {[%clk 2:10:30]} 34. Bb2 {[%clk 2:10:30]} a5 {[%clk 2:10:30]} 35.
Ke3 {[%clk 2:10:30]} a4 {[%clk 2:10:30]} 36. f4 {[%clk 2:10:30]} Ke8 {[%clk
2:10:30]} 37. Kd2 {[%clk 2:10:30]} Kd7 {[%clk 2:10:30]} 38. Ba3 {[%clk 2:10:30]}
Bb3 {[%clk 2:10:30]} 39. Kd3 {[%clk 2:10:30]} Re8 {[%clk 2:10:30]} 40. Bc5 {[%clk
2:10:30]} Re1 {[%clk 2:10:30]} 41. Nf3 {[%clk 2:10:30]} Rd1+ {[%clk 2:10:30]} 42.
Nd2 {[%clk 2:10:30]} Kc6 {[%clk 2:10:30]} 43. Be7 {[%clk 2:10:30]} Kd5 {[%clk
2:10:30]} 44. Kc3 {[%clk 2:10:30]} Rc1+ {[%clk 2:10:30]} 45. Kb4 {[%clk 2:10:30]}
Rg1 {[%clk 2:10:30]} 46. Nxb3 {[%clk 2:10:30]} axb3 {[%clk 2:10:30]} 47. Kxb3
{[%clk 2:10:30]} Rxg3+ {[%clk 2:10:30]} 48. Kc2 {[%clk 2:10:30]} Rg4 {[%clk
2:10:30]} 49. Bg5 {[%clk 2:10:30]} Ke4 {[%clk 2:10:30]} 0-1

[Event "7th Arber Senior Cup"]
[Site "chess24.com"]
[Date "2019.08.01"]
[Round "6"]
[White "Braeu, Emmi"]
[Black "Voeller, Lothar"]
[Result "1-0"]
[Board "36"]
[WhiteElo "1477"]
[WhiteTeam "SK Marktoberdorf"]
[WhiteCountry "GER"]
[WhiteFideId "24646946"]
[WhiteEloChange "15"]
[BlackElo "1666"]
[BlackTeam "FS Dortmund"]
[BlackCountry "GER"]
[BlackFideId "24616010"]
[BlackEloChange "-15"]

1. Nf3 {[%clk 2:10:30]} f5 {[%clk 2:10:30]} 2. g3 {[%clk 2:10:30]} Nf6 {[%clk
2:10:30]} 3. c4 {[%clk 2:10:30]} e6 {[%clk 2:10:30]} 4. Bg2 {[%clk 2:10:30]} Be7
{[%clk 2:10:30]} 5. O-O {[%clk 2:10:30]} O-O {[%clk 2:10:30]} 6. d3 {[%clk
2:10:30]} h6 {[%clk 2:10:30]} 7. Na3 {[%clk 2:10:30]} c6 {[%clk 2:10:30]} 8. Nc2
{[%clk 2:10:30]} d5 {[%clk 2:10:30]} 9. b4 {[%clk 2:10:30]} Na6 {[%clk 2:10:30]}
10. a3 {[%clk 2:10:30]} Nc7 {[%clk 2:10:30]} 11. a4 {[%clk 2:10:30]} Bd7 {[%clk
2:10:30]} 12. Bd2 {[%clk 2:10:30]} Be8 {[%clk 2:10:30]} 13. Qb1 {[%clk 2:10:30]}
dxc4 {[%clk 2:10:30]} 14. dxc4 {[%clk 2:10:30]} Ne4 {[%clk 2:10:30]} 15. Be3
{[%clk 2:10:30]} Bf6 {[%clk 2:10:30]} 16. Rd1 {[%clk 2:10:30]} Qe7 {[%clk
2:10:30]} 17. Bd4 {[%clk 2:10:30]} g5 {[%clk 2:10:30]} 18. h3 {[%clk 2:10:30]} e5
{[%clk 2:10:30]} 19. Bb2 {[%clk 2:10:30]} Bf7 {[%clk 2:10:30]} 20. Nd2 {[%clk
2:10:30]} Nxd2 {[%clk 2:10:30]} 21. Rxd2 {[%clk 2:10:30]} Bxc4 {[%clk 2:10:30]}
22. Ne3 {[%clk 2:10:30]} Be6 {[%clk 2:10:30]} 23. Nxf5 {[%clk 2:10:30]} Bxf5
{[%clk 2:10:30]} 24. Qxf5 {[%clk 2:10:30]} Bg7 {[%clk 2:10:30]} 25. Qd7 {[%clk
2:10:30]} Qxb4 {[%clk 2:10:30]} 26. Ba3 {[%clk 2:10:30]} Qb6 {[%clk 2:10:30]} 27.
Bxf8 {[%clk 2:10:30]} Rxf8 {[%clk 2:10:30]} 28. e3 {[%clk 2:10:30]} Ne8 {[%clk
2:10:30]} 29. Qe6+ {[%clk 2:10:30]} Kh8 {[%clk 2:10:30]} 30. Be4 {[%clk 2:10:30]}
Qb4 {[%clk 2:10:30]} 31. Rd8 {[%clk 2:10:30]} Qxe4 {[%clk 2:10:30]} 32. Rxe8
{[%clk 2:10:30]} Qd5 {[%clk 2:10:30]} 33. Rxf8+ {[%clk 2:10:30]} Bxf8 {[%clk
2:10:30]} 34. Qc8 {[%clk 2:10:30]} Qf7 {[%clk 2:10:30]} 35. Rd1 {[%clk 2:10:30]}
b5 {[%clk 2:10:30]} 36. axb5 {[%clk 2:10:30]} cxb5 {[%clk 2:10:30]} 37. Rd7
{[%clk 2:10:30]} Qf5 {[%clk 2:10:30]} 38. Qc7 {[%clk 2:10:30]} Kg8 {[%clk
2:10:30]} 39. Qxa7 {[%clk 2:10:30]} b4 {[%clk 2:10:30]} 40. Rb7 {[%clk 2:10:30]}
b3 {[%clk 2:10:30]} 41. Rxb3 {[%clk 2:10:30]} Qxh3 {[%clk 2:10:30]} 42. Qb7
{[%clk 2:10:30]} Qf5 {[%clk 2:10:30]} 43. e4 {[%clk 2:10:30]} Qf7 {[%clk
2:10:30]} 44. Qd5 {[%clk 2:10:30]} Bg7 {[%clk 2:10:30]} 45. Rb8+ {[%clk 2:10:30]}
Bf8 {[%clk 2:10:30]} 46. Qxe5 {[%clk 2:10:30]} Qf3 {[%clk 2:10:30]} 47. Qe6+
{[%clk 2:10:30]} Qf7 {[%clk 2:10:30]} 48. Qxh6 {[%clk 2:10:30]} Qe7 {[%clk
2:10:30]} 49. Qg6+ {[%clk 2:10:30]} Kh8 {[%clk 2:10:30]} 50. Qf5 {[%clk 2:10:30]}
Kg7 {[%clk 2:10:30]} 51. Rb5 {[%clk 2:10:30]} Kh6 {[%clk 2:10:30]} 52. g4 {[%clk
2:10:30]} Qd8 {[%clk 2:10:30]} 53. Rd5 {[%clk 2:10:30]} Qe7 {[%clk 2:10:30]} 54.
Kg2 {[%clk 2:10:30]} Bg7 {[%clk 2:10:30]} 55. Rd7 {[%clk 2:10:30]} Qb4 {[%clk
2:10:30]} 56. Qd5 {[%clk 2:10:30]} Qf8 {[%clk 2:10:30]} 57. Qe6+ {[%clk 2:10:30]}
Kh7 {[%clk 2:10:30]} 58. Rf7 {[%clk 2:10:30]} Qb8 {[%clk 2:10:30]} 59. Qf5+
{[%clk 2:10:30]} Kg8 {[%clk 2:10:30]} 60. Qg6 {[%clk 2:10:30]} Qe5 {[%clk
2:10:30]} 1-0

[Event "7th Arber Senior Cup"]
[Site "chess24.com"]
[Date "2019.08.01"]
[Round "6"]
[White "Gaedt, Mario"]
[Black "Luebbers, Doris, Dr."]
[Result "1-0"]
[Board "37"]
[WhiteElo "1502"]
[WhiteTeam "SV Bergen"]
[WhiteCountry "GER"]
[WhiteFideId "12970352"]
[WhiteEloChange "10"]
[BlackElo "1514"]
[BlackTeam "SF Taunus"]
[BlackCountry "GER"]
[BlackFideId "24630080"]
[BlackEloChange "-10"]

1. d4 {[%clk 2:10:30]} d5 {[%clk 2:10:30]} 2. Nf3 {[%clk 2:10:30]} Nf6 {[%clk
2:10:30]} 3. c4 {[%clk 2:10:30]} e6 {[%clk 2:10:30]} 4. Nc3 {[%clk 2:10:30]} b6
{[%clk 2:10:30]} 5. Bg5 {[%clk 2:10:30]} Be7 {[%clk 2:10:30]} 6. e3 {[%clk
2:10:30]} Bb7 {[%clk 2:10:30]} 7. cxd5 {[%clk 2:10:30]} exd5 {[%clk 2:10:30]} 8.
Bd3 {[%clk 2:10:30]} Nbd7 {[%clk 2:10:30]} 9. O-O {[%clk 2:10:30]} O-O {[%clk
2:10:30]} 10. Re1 {[%clk 2:10:30]} Re8 {[%clk 2:10:30]} 11. Rc1 {[%clk 2:10:30]}
Ne4 {[%clk 2:10:30]} 12. Bxe7 {[%clk 2:10:30]} Rxe7 {[%clk 2:10:30]} 13. Qc2
{[%clk 2:10:30]} Ndf6 {[%clk 2:10:30]} 14. h3 {[%clk 2:10:30]} Rc8 {[%clk
2:10:30]} 15. Ne5 {[%clk 2:10:30]} Qf8 {[%clk 2:10:30]} 16. Qe2 {[%clk 2:10:30]}
c5 {[%clk 2:10:30]} 17. Ng4 {[%clk 2:10:30]} Nxg4 {[%clk 2:10:30]} 18. Qxg4
{[%clk 2:10:30]} Rd8 {[%clk 2:10:30]} 19. Bb1 {[%clk 2:10:30]} Bc8 {[%clk
2:10:30]} 20. Qf3 {[%clk 2:10:30]} f5 {[%clk 2:10:30]} 21. Nxe4 {[%clk 2:10:30]}
fxe4 {[%clk 2:10:30]} 22. Qxf8+ {[%clk 2:10:30]} Rxf8 {[%clk 2:10:30]} 23. dxc5
{[%clk 2:10:30]} bxc5 {[%clk 2:10:30]} 24. Rxc5 {[%clk 2:10:30]} Be6 {[%clk
2:10:30]} 25. Re2 {[%clk 2:10:30]} Rc8 {[%clk 2:10:30]} 26. Rxc8+ {[%clk
2:10:30]} Bxc8 {[%clk 2:10:30]} 27. a3 {[%clk 2:10:30]} Be6 {[%clk 2:10:30]} 28.
Ba2 {[%clk 2:10:30]} Kf7 {[%clk 2:10:30]} 29. Rd2 {[%clk 2:10:30]} Rd7 {[%clk
2:10:30]} 30. Kh2 {[%clk 2:10:30]} Ke7 {[%clk 2:10:30]} 31. f3 {[%clk 2:10:30]}
exf3 {[%clk 2:10:30]} 32. gxf3 {[%clk 2:10:30]} g6 {[%clk 2:10:30]} 33. Kg3
{[%clk 2:10:30]} h6 {[%clk 2:10:30]} 34. Kh2 {[%clk 2:10:30]} Bf7 {[%clk
2:10:30]} 35. h4 {[%clk 2:10:30]} Be6 {[%clk 2:10:30]} 36. Kg3 {[%clk 2:10:30]}
Rd6 {[%clk 2:10:30]} 37. b4 {[%clk 2:10:30]} Bf7 {[%clk 2:10:30]} 38. f4 {[%clk
2:10:30]} Be6 {[%clk 2:10:30]} 39. Bb3 {[%clk 2:10:30]} Bf7 {[%clk 2:10:30]} 40.
Rd4 {[%clk 2:10:30]} Be6 {[%clk 2:10:30]} 41. b5 {[%clk 2:10:30]} Kd7 {[%clk
2:10:30]} 42. Ra4 {[%clk 2:10:30]} Rb6 {[%clk 2:10:30]} 43. Rxa7+ {[%clk
2:10:30]} Kd6 {[%clk 2:10:30]} 44. a4 {[%clk 2:10:30]} Kc5 {[%clk 2:10:30]} 45.
Bc2 {[%clk 2:10:30]} Bf5 {[%clk 2:10:30]} 46. Bxf5 {[%clk 2:10:30]} gxf5 {[%clk
2:10:30]} 47. h5 {[%clk 2:10:30]} Rf6 {[%clk 2:10:30]} 48. Kf2 {[%clk 2:10:30]}
d4 {[%clk 2:10:30]} 49. exd4+ {[%clk 2:10:30]} Kxd4 {[%clk 2:10:30]} 1-0

[Event "7th Arber Senior Cup"]
[Site "chess24.com"]
[Date "2019.08.01"]
[Round "6"]
[White "Krejci, Zdenek"]
[Black "Warnecke, Jens"]
[Result "0-1"]
[Board "38"]
[WhiteElo "1432"]
[WhiteTeam "TSCHECHIEN"]
[WhiteCountry "CZE"]
[WhiteFideId "335495"]
[WhiteEloChange "-7"]
[BlackElo "1530"]
[BlackTeam "SC Weilerbach"]
[BlackCountry "GER"]
[BlackFideId "16273389"]
[BlackEloChange "7"]

1. d4 {[%clk 2:10:30]} Nf6 {[%clk 2:10:30]} 2. Nc3 {[%clk 2:10:30]} d6 {[%clk
2:10:30]} 3. h3 {[%clk 2:10:30]} g6 {[%clk 2:10:30]} 4. Nf3 {[%clk 2:10:30]} Bg7
{[%clk 2:10:30]} 5. e4 {[%clk 2:10:30]} O-O {[%clk 2:10:30]} 6. Bd3 {[%clk
2:10:30]} c6 {[%clk 2:10:30]} 7. Be3 {[%clk 2:10:30]} Nbd7 {[%clk 2:10:30]} 8.
Qd2 {[%clk 2:10:30]} e5 {[%clk 2:10:30]} 9. d5 {[%clk 2:10:30]} Qc7 {[%clk
2:10:30]} 10. O-O {[%clk 2:10:30]} a6 {[%clk 2:10:30]} 11. Bh6 {[%clk 2:10:30]}
cxd5 {[%clk 2:10:30]} 12. Bxg7 {[%clk 2:10:30]} Kxg7 {[%clk 2:10:30]} 13. exd5
{[%clk 2:10:30]} Nc5 {[%clk 2:10:30]} 14. Ng5 {[%clk 2:10:30]} Nxd3 {[%clk
2:10:30]} 15. Qxd3 {[%clk 2:10:30]} Bf5 {[%clk 2:10:30]} 16. Nce4 {[%clk
2:10:30]} h6 {[%clk 2:10:30]} 17. Qc3 {[%clk 2:10:30]} Qxc3 {[%clk 2:10:30]} 18.
bxc3 {[%clk 2:10:30]} Bxe4 {[%clk 2:10:30]} 19. Nxe4 {[%clk 2:10:30]} Nxe4 {[%clk
2:10:30]} 20. Rab1 {[%clk 2:10:30]} Nd2 {[%clk 2:10:30]} 21. Rxb7 {[%clk
2:10:30]} Nxf1 {[%clk 2:10:30]} 22. Kxf1 {[%clk 2:10:30]} Rfd8 {[%clk 2:10:30]}
23. Rb6 {[%clk 2:10:30]} Rd7 {[%clk 2:10:30]} 24. a4 {[%clk 2:10:30]} f5 {[%clk
2:10:30]} 25. Ke2 {[%clk 2:10:30]} Kf7 {[%clk 2:10:30]} 26. f3 {[%clk 2:10:30]}
Ke7 {[%clk 2:10:30]} 27. g3 {[%clk 2:10:30]} Raa7 {[%clk 2:10:30]} 28. Ke3 {[%clk
2:10:30]} Rdc7 {[%clk 2:10:30]} 29. Kd3 {[%clk 2:10:30]} Rc5 {[%clk 2:10:30]} 30.
c4 {[%clk 2:10:30]} Ra5 {[%clk 2:10:30]} 31. Rb4 {[%clk 2:10:30]} Kd7 {[%clk
2:10:30]} 32. Kc3 {[%clk 2:10:30]} Kc7 {[%clk 2:10:30]} 33. Kb3 {[%clk 2:10:30]}
Rb7 {[%clk 2:10:30]} 34. c3 {[%clk 2:10:30]} e4 {[%clk 2:10:30]} 35. fxe4 {[%clk
2:10:30]} fxe4 {[%clk 2:10:30]} 36. Ka3 {[%clk 2:10:30]} e3 {[%clk 2:10:30]} 37.
Ka2 {[%clk 2:10:30]} Rxb4 {[%clk 2:10:30]} 38. cxb4 {[%clk 2:10:30]} Rxa4+ {[%clk
2:10:30]} 39. Kb3 {[%clk 2:10:30]} Rxb4+ {[%clk 2:10:30]} 40. Kxb4 {[%clk
2:10:30]} e2 {[%clk 2:10:30]} 41. Ka5 {[%clk 2:10:30]} e1Q+ {[%clk 2:10:30]} 42.
Kxa6 {[%clk 2:10:30]} Qa1+ {[%clk 2:10:30]} 43. Kb5 {[%clk 2:10:30]} Qb2+ {[%clk
2:10:30]} 44. Ka4 {[%clk 2:10:30]} Kb7 {[%clk 2:10:30]} 45. Ka5 {[%clk 2:10:30]}
Qa3+ {[%clk 2:10:30]} 46. Kb5 {[%clk 2:10:30]} Qc5+ {[%clk 2:10:30]} 47. Ka4
{[%clk 2:10:30]} Qxc4+ {[%clk 2:10:30]} 0-1

[Event "7th Arber Senior Cup"]
[Site "chess24.com"]
[Date "2019.08.02"]
[Round "7"]
[White "Greul, Hans"]
[Black "Pribyl, Josef"]
[Result "1/2-1/2"]
[Board "3"]
[WhiteElo "2009"]
[WhiteCountry "GER"]
[WhiteFideId "12985988"]
[WhiteEloChange "6"]
[BlackElo "2234"]
[BlackTitle "IM"]
[BlackCountry "CZE"]
[BlackFideId "300187"]
[BlackEloChange "-6"]

1. d4 {[%clk 2:10:55]} Nf6 {[%clk 2:11:22]} 2. c4 {[%clk 2:11:09]} g6 {[%clk
2:11:49]} 3. Bf4 {[%clk 2:10:11]} Bg7 {[%clk 2:12:03]} 4. e3 {[%clk 2:10:31]} c5
{[%clk 2:11:31]} 5. Nc3 {[%clk 2:09:40]} cxd4 {[%clk 2:11:39]} 6. exd4 {[%clk
2:09:57]} O-O {[%clk 2:11:37]} 7. Nf3 {[%clk 2:08:29]} d5 {[%clk 2:12:05]} 8. Qb3
{[%clk 2:06:40]} dxc4 {[%clk 2:10:55]} 9. Bxc4 {[%clk 2:07:00]} Nc6 {[%clk
2:11:23]} 10. Qd1 {[%clk 1:57:17]} Na5 {[%clk 1:55:38]} 11. Be2 {[%clk 1:55:13]}
Be6 {[%clk 1:55:42]} 12. O-O {[%clk 1:54:22]} Nd5 {[%clk 1:55:39]} 13. Nxd5
{[%clk 1:48:36]} Bxd5 {[%clk 1:56:06]} 14. Qd2 {[%clk 1:46:38]} Rc8 {[%clk
1:54:28]} 15. Rfd1 {[%clk 1:44:38]} Qb6 {[%clk 1:52:10]} 16. b3 {[%clk 1:41:29]}
Rfd8 {[%clk 1:52:21]} 17. Be3 {[%clk 1:34:03]} Nc6 {[%clk 1:50:44]} 18. Rac1
{[%clk 1:33:43]} Nb4 {[%clk 1:47:23]} 19. Ne5 {[%clk 1:31:32]} Rxc1 {[%clk
1:45:30]} 20. Rxc1 {[%clk 1:31:03]} Nc6 {[%clk 1:37:37]} 21. Qc3 {[%clk 1:27:51]}
e6 {[%clk 1:31:23]} 22. Nxc6 {[%clk 1:25:43]} bxc6 {[%clk 1:30:34]} 23. f3 {[%clk
1:22:46]} Rb8 {[%clk 1:29:05]} 24. Bc4 {[%clk 1:17:42]} h5 {[%clk 1:23:52]} 25.
Bxd5 {[%clk 1:17:45]} cxd5 {[%clk 1:24:21]} 26. Qc5 {[%clk 1:16:31]} Qa6 {[%clk
1:24:02]} 27. Qc7 {[%clk 1:12:27]} Rf8 {[%clk 1:21:14]} 28. Rc2 {[%clk 1:06:37]}
Qd3 {[%clk 1:12:18]} 1/2-1/2

[Event "7th Arber Senior Cup"]
[Site "chess24.com"]
[Date "2019.08.02"]
[Round "7"]
[White "Lorenc, Tomas"]
[Black "Godoj, Veit"]
[Result "1-0"]
[Board "4"]
[WhiteElo "2158"]
[WhiteCountry "CZE"]
[WhiteFideId "313203"]
[WhiteEloChange "6"]
[BlackElo "1995"]
[BlackCountry "GER"]
[BlackFideId "4659341"]
[BlackEloChange "-6"]

1. c4 {[%clk 2:08:10]} e6 {[%clk 2:10:29]} 2. g3 {[%clk 2:08:25]} d5 {[%clk
2:10:44]} 3. Bg2 {[%clk 2:08:36]} f5 {[%clk 2:10:52]} 4. Nf3 {[%clk 2:05:52]} c6
{[%clk 2:11:13]} 5. O-O {[%clk 2:01:52]} Bd6 {[%clk 2:11:33]} 6. d3 {[%clk
1:58:00]} Nf6 {[%clk 2:11:33]} 7. Nc3 {[%clk 1:56:31]} e5 {[%clk 1:54:33]} 8.
cxd5 {[%clk 1:48:56]} Nxd5 {[%clk 1:53:51]} 9. Nxd5 {[%clk 1:42:11]} cxd5 {[%clk
1:54:20]} 10. Qb3 {[%clk 1:42:07]} d4 {[%clk 1:51:37]} 11. Bg5 {[%clk 1:34:46]}
Qb6 {[%clk 1:45:06]} 12. Qd5 {[%clk 1:21:12]} Qc6 {[%clk 1:44:41]} 13. Rfc1
{[%clk 1:16:37]} Qxd5 {[%clk 1:43:35]} 14. Rxc8+ {[%clk 1:17:05]} Kf7 {[%clk
1:44:05]} 15. Rxh8 {[%clk 1:17:24]} Qb5 {[%clk 1:25:29]} 16. Nh4 {[%clk 1:13:30]}
Bf8 {[%clk 1:09:09]} 17. Nxf5 {[%clk 1:10:56]} h6 {[%clk 0:57:57]} 18. Bc1 {[%clk
0:50:06]} a5 {[%clk 0:57:38]} 19. Be4 {[%clk 0:44:53]} Ra6 {[%clk 0:57:12]} 20.
f4 {[%clk 0:43:57]} Nd7 {[%clk 0:39:53]} 21. fxe5 {[%clk 0:38:57]} Nxe5 {[%clk
0:39:10]} 22. Nxd4 {[%clk 0:35:48]} Qd7 {[%clk 0:31:21]} 23. Nf5 {[%clk 0:24:51]}
Rf6 {[%clk 0:21:13]} 24. Bd2 {[%clk 0:20:46]} Ng6 {[%clk 0:04:51]} 25. Nxh6+
{[%clk 0:20:32]} Ke6 {[%clk 0:04:26]} 26. Rxf8 {[%clk 0:05:41]} Nxf8 {[%clk
0:04:43]} 27. Ng4 {[%clk 0:05:28]} Qd4+ {[%clk 0:05:01]} 28. Be3 {[%clk 0:04:57]}
Qxb2 {[%clk 0:05:29]} 29. Re1 {[%clk 0:05:01]} Rf7 {[%clk 0:05:02]} 30. d4 {[%clk
0:04:54]} Qc3 {[%clk 0:05:15]} 31. Rc1 {[%clk 0:04:49]} Qa3 {[%clk 0:02:46]} 32.
d5+ {[%clk 0:04:57]} Kd6 {[%clk 0:02:37]} 33. Bc5+ {[%clk 0:01:56]} Qxc5+ {[%clk
0:03:05]} 34. Rxc5 {[%clk 0:02:20]} Kxc5 {[%clk 0:03:34]} 35. Ne5 {[%clk
0:02:35]} Re7 {[%clk 0:03:29]} 36. Nd3+ {[%clk 0:02:59]} Kd4 {[%clk 0:03:26]} 37.
Bf3 {[%clk 0:02:22]} b5 {[%clk 0:03:36]} 38. d6 {[%clk 0:02:06]} Rf7 {[%clk
0:02:03]} 39. Bc6 {[%clk 0:01:12]} b4 {[%clk 0:02:32]} 40. Be8 {[%clk 0:00:52]}
Rf6 {[%clk 0:01:38]} 41. d7 {[%clk 0:00:41]} 1-0

[Event "7th Arber Senior Cup"]
[Site "chess24.com"]
[Date "2019.08.02"]
[Round "7"]
[White "Fleuch, Hans-Juergen"]
[Black "Kurka, Dieter"]
[Result "0-1"]
[Board "7"]
[WhiteElo "1951"]
[WhiteCountry "GER"]
[WhiteFideId "4619617"]
[WhiteEloChange "-8"]
[BlackElo "2006"]
[BlackCountry "GER"]
[BlackFideId "12902047"]
[BlackEloChange "8"]

1. e4 {[%clk 2:10:53]} c5 {[%clk 2:10:53]} 2. c3 {[%clk 2:11:16]} d5 {[%clk
2:10:41]} 3. exd5 {[%clk 2:10:25]} Qxd5 {[%clk 2:11:01]} 4. d4 {[%clk 2:10:37]}
Nf6 {[%clk 2:09:00]} 5. Nf3 {[%clk 2:07:47]} Bg4 {[%clk 2:04:53]} 6. Nbd2 {[%clk
2:01:59]} cxd4 {[%clk 2:00:03]} 7. Bc4 {[%clk 2:02:07]} Qf5 {[%clk 1:40:29]} 8.
Qb3 {[%clk 1:59:35]} Bxf3 {[%clk 1:40:50]} 9. Bxf7+ {[%clk 1:59:28]} Kd8 {[%clk
1:41:14]} 10. Nxf3 {[%clk 1:53:49]} Qe4+ {[%clk 1:41:06]} 11. Kf1 {[%clk
1:54:00]} Qd3+ {[%clk 1:09:02]} 12. Kg1 {[%clk 1:52:12]} Nbd7 {[%clk 1:07:11]}
13. Bc4 {[%clk 1:29:33]} Qe4 {[%clk 1:04:34]} 14. Bd3 {[%clk 1:18:45]} Qxd3
{[%clk 1:02:37]} 15. Ng5 {[%clk 1:19:02]} Nc5 {[%clk 1:02:14]} 0-1

[Event "7th Arber Senior Cup"]
[Site "chess24.com"]
[Date "2019.08.02"]
[Round "7"]
[White "Kuempers, Ulrich"]
[Black "Halli, Gerhard"]
[Result "1-0"]
[Board "11"]
[WhiteElo "2030"]
[WhiteCountry "GER"]
[WhiteFideId "4622472"]
[WhiteEloChange "8"]
[BlackElo "1955"]
[BlackCountry "GER"]
[BlackFideId "12960780"]
[BlackEloChange "-8"]

1. d4 {[%clk 2:10:57]} d5 {[%clk 2:08:38]} 2. c4 {[%clk 2:11:21]} e6 {[%clk
2:07:33]} 3. Nc3 {[%clk 2:11:39]} Nf6 {[%clk 2:06:53]} 4. Bg5 {[%clk 2:11:49]}
Be7 {[%clk 2:06:11]} 5. e3 {[%clk 2:12:11]} O-O {[%clk 2:05:14]} 6. Nf3 {[%clk
2:12:32]} b6 {[%clk 2:03:09]} 7. cxd5 {[%clk 2:12:17]} exd5 {[%clk 2:03:29]} 8.
Bd3 {[%clk 2:10:57]} Bb7 {[%clk 2:03:22]} 9. Qc2 {[%clk 2:07:12]} Nbd7 {[%clk
1:55:23]} 10. O-O-O {[%clk 2:03:23]} c5 {[%clk 1:55:19]} 11. Kb1 {[%clk 2:02:46]}
c4 {[%clk 1:52:14]} 12. Bf5 {[%clk 2:01:48]} g6 {[%clk 1:52:04]} 13. Bh3 {[%clk
2:01:37]} a6 {[%clk 1:51:36]} 14. Ne5 {[%clk 1:58:28]} b5 {[%clk 1:50:21]} 15. f4
{[%clk 1:47:22]} Nb6 {[%clk 1:48:07]} 16. f5 {[%clk 1:42:12]} Ne4 {[%clk
1:47:56]} 17. Bh6 {[%clk 1:28:26]} Re8 {[%clk 1:45:01]} 18. fxg6 {[%clk 1:26:15]}
hxg6 {[%clk 1:44:29]} 19. Rhf1 {[%clk 1:21:44]} Bf6 {[%clk 1:44:07]} 20. Nxe4
{[%clk 1:17:57]} dxe4 {[%clk 1:40:56]} 21. Qf2 {[%clk 1:12:14]} Nd5 {[%clk
1:41:24]} 22. Nd7 {[%clk 1:10:31]} Kh7 {[%clk 1:41:15]} 23. Nxf6+ {[%clk
1:10:34]} Nxf6 {[%clk 1:41:42]} 1-0